Statistics for Jake Gyllenhaal Filmography

Click here to take the quiz!

General Stats

  • This quiz has been taken 411 times
    (55 since last reset)
  • The average score is 17 of 75

Answer Stats

TypeYearName% Correct
Film2014Nightcrawler
88%
Film2005Brokeback Mountain
81%
Film2001Donnie Darko
81%
Film2013Prisoners
75%
Film2019Spider-Man: Far from Home
75%
Film2015Southpaw
67%
Film2007Zodiac
52%
Film2013Enemy
50%
Film2005Jarhead
48%
Film2010Love & Other Drugs
48%
FilmTBARoad House
48%
TV Show2007, 2011, 2020, 2022Saturday Night Live
44%
Film2021The Guilty
44%
Film2015Demolition
42%
Film2016Nocturnal Animals
42%
Film2009Brothers
38%
Film2012End of Watch
38%
Film2011Source Code
38%
Film2023The Covenant
38%
Film2017Life
35%
Film1999October Sky
35%
Theater2019Sea Wall / A Life
35%
Film2022Ambulance
33%
Film2001Bubble Boy
33%
Film2004The Day After Tomorrow
31%
Film2017Okja
27%
Film2010Prince of Persia: The Sands of Time
27%
Film2022Strange World
27%
Film2017Stronger
27%
Film2019Velvet Buzzsaw
25%
Film2015Everest
19%
Film1991City Slickers
15%
Film2007Rendition
15%
Film2002Moonlight Mile
13%
Film2005Proof
13%
Film2018Wildlife
13%
Film1993A Dangerous Woman
10%
TV Show1994Homicide: Life on the Street
10%
Film2002The Good Girl
10%
Music Video2011Time to Dance
10%
Film2015Accidental Love
8%
Music Video2009Blame It
8%
Theater2015Constellations
8%
Film1998Homegrown
8%
TV Show2016Inside Amy Schumer
8%
Film1993Josh and S.A.M.
8%
Theater2015Little Shop of Horrors
8%
Film2001Lovely and Amazing
8%
Web SeriesTBAPresumed Innocent
8%
Film2021Spirit Untamed
8%
Film2005The Man Who Walked Between the Towers
8%
Film2018The Sisters Brothers
8%
Music Video2010Giving Up the Gun
6%
Short Film2017Great Performers: Horror Show
6%
Film2002Highway
6%
Film2004Jiminy Glick in Lalawood
6%
TV Show2011Man vs. Wild
6%
Theater2016-2017Sunday in the Park with George
6%
Theater2002This Is Our Youth
6%
FilmTBAFrancis and the Godfather
4%
Theater2012If There Is I Haven't Found It Yet
4%
Music Video2007Iran So Far
4%
TV Mini-SeriesTBALake Success
4%
Music Video2014On the Run
4%
FilmTBAProphet
4%
FilmTBASnow Blind
4%
FilmTBAThe Anarchists vs ISIS
4%
FilmTBAThe Division
4%
TV Mini-SeriesTBAThe Son
4%
Commercial2018-2019Calvin Klein
2%
Theater2020Caroline, or Change
2%
Documentary Series2021Explained
2%
Web Special2019John Mulvaney & the Sack Lunch Bunch
2%
Short Film2010Lego Prince of Persia Mini Movie
2%
Commercial2021Prada
2%

Score Distribution

Percentile by Number Answered

Percent of People with Each Score

Your Score History

You have not taken this quiz since the last reset